Library of the University of Algiers 3
Ibrahim Sultan Cheibout
شعار جامعة الجزائر 3
مكتبة جامعة الجزائر 3
إبراهيم سلطان شيبوط

الأساليب الإحصائية / (رقم التسجيلة. 43122)

تفاصيل مارك
000 -LEADER
fixed length control field 02358nam a2200253Ia 4500
003 - CONTROL NUMBER IDENTIFIER
control field Ost
005 - DATE AND TIME OF LATEST TRANSACTION
control field 20260507075124.0
008 - FIXED-LENGTH DATA ELEMENTS--GENERAL INFORMATION
fixed length control field 260507s9999||||xx |||||||||||||| ||und||
040 ## - CATALOGING SOURCE
Transcribing agency fsecg
041 ## - LANGUAGE CODE
Language code of text/sound track or separate title ara
082 ## - DEWEY DECIMAL CLASSIFICATION NUMBER
Classification number 519.2
100 ## - MAIN ENTRY--PERSONAL NAME
Personal name العتوم، شفيق
Relator term مؤلف
245 #0 - TITLE STATEMENT
Title الأساليب الإحصائية /
Statement of responsibility, etc. شفيق العتوم
250 ## - EDITION STATEMENT
Edition statement طبعة 2
260 ## - PUBLICATION, DISTRIBUTION, ETC.
Place of publication, distribution, etc. عمان:
Name of publisher, distributor, etc. دار المناهج,
Date of publication, distribution, etc. 2003
300 ## - PHYSICAL DESCRIPTION
Extent 452 صفحة؛
Other physical details إيضاحات ؛
Dimensions 24 سم
504 ## - BIBLIOGRAPHY, ETC. NOTE
Bibliography, etc. note مراجع
520 ## - SUMMARY, ETC.
Summary, etc. عرض بعض الادوات الرياضية مثل نظرية الفئات و التباديل و التوافيق و نظرية ذات الحدين و المصفوفات كما تم تناول نظرية الاحتمالات و تطبيقاتها بالتطرق الى بعض التعاريف و النظريات الأساسية و نظرية بيز و شجرة القرارات و اتخاذ القرارات في ظروف المخاطرة و كذا التطرق الى المتغيرات العشوائية و التوزيعات الاحتمالية بتناول كل من دالة كثافة الاحتمال و دالة الاحتمال التجميعي و العزوم و بعض أدلة وصف التوزيعات التكرارية و الدالة المولدة للعزوم و كذا تناول التوزيعات الاحصائية بالتطرق الى التجارب المتكررة المستقلة و غير المستقلة و التوزيعات المتصلة كما تم تناول توزيعات العينات الكبيرة و الصغيرة بالتطرق الى قانون الاعداد الكبيرة و نظرية النزعة المركزية و التوزيع الطبيعي و توزيعات العينات الصغيرة و كذا التطرق الى التقدير بتناول كل من التقدير بنقطة و التقدير بفترة ثقة و قد تم تناول إختبار الفروض بتناول الاختبارات المعلمية و الاختبارات غير البارامترية و أخيرا تحليل التباين و تحليل التباين في الانحدار.
653 ## - INDEX TERM--UNCONTROLLED
Uncontrolled term الاحتمالات
653 ## - INDEX TERM--UNCONTROLLED
Uncontrolled term الاحصاء
653 ## - INDEX TERM--UNCONTROLLED
Uncontrolled term المصفوفات
700 ## - ADDED ENTRY--PERSONAL NAME
Personal name العاروري، فتحي
Relator term مؤلف ثانوي
942 ## - ADDED ENTRY ELEMENTS (KOHA)
Koha item type كتب
المقتنيات
Withdrawn status Lost status Source of classification or shelving scheme Damaged status Not for loan Home library Current library Date acquired Serial enumeration / chronology Inventory number Total checkouts Full call number Barcode Date last seen Price effective from Koha item type
    Dewey Decimal Classification   NOT LOAN / إعارة داخلية مكتبة كلية العلوم الإقتصادية والعلوم التجارية وعلوم التسيير مكتبة كلية العلوم الإقتصادية والعلوم التجارية وعلوم التسيير 07/05/2026 الطابق الأرضي 54089   أ/2048ج2ن1 54089 07/05/2026 07/05/2026 كتب
    Dewey Decimal Classification   Available مكتبة كلية العلوم الإقتصادية والعلوم التجارية وعلوم التسيير مكتبة كلية العلوم الإقتصادية والعلوم التجارية وعلوم التسيير 07/05/2026 الطابق الأرضي 54090   أ/2048ج2ن2 54090 07/05/2026 07/05/2026 كتب
    Dewey Decimal Classification   Available مكتبة كلية العلوم الإقتصادية والعلوم التجارية وعلوم التسيير مكتبة كلية العلوم الإقتصادية والعلوم التجارية وعلوم التسيير 07/05/2026 الطابق الأرضي 54091   أ/2048ج2ن3 54091 07/05/2026 07/05/2026 كتب
    Dewey Decimal Classification   Available مكتبة كلية العلوم الإقتصادية والعلوم التجارية وعلوم التسيير مكتبة كلية العلوم الإقتصادية والعلوم التجارية وعلوم التسيير 07/05/2026 الطابق الثاني 54092   أ/2048ج2ن4 54092 07/05/2026 07/05/2026 كتب
    Dewey Decimal Classification   Available مكتبة كلية العلوم الإقتصادية والعلوم التجارية وعلوم التسيير مكتبة كلية العلوم الإقتصادية والعلوم التجارية وعلوم التسيير 07/05/2026 الطابق الثاني 54093   أ/2048ج2ن5 54093 07/05/2026 07/05/2026 كتب

موارد الويب المفتوحة


© University of Algiers 3 All Rights Reserved
|
Implemented by LECHELAH Riad